000 01005nam a22002777a 4500
001 3759
003 FISKH
005 20240430111815.0
008 240430b cb ||||| |||| 00| 0 eng d
020 _a9780545140201
040 _aFISKH
_beng
_cFISKH
_dFISKH
050 _aPZ7.H35885
082 _a479
100 _aNelson, Marilyn
245 _aPemba's song :
_bA ghost story /
_cby Marilyn Nelson and Tonya C.Hegamin
260 _aNew York :
_bScholastic ,
_c2008
300 _a109 pages :
_billustrations ;
_c20 cm .
505 _aR
520 _aAs fifteen-year-old Pemba adjusts to leaving her Brooklyn, New York, home for small-town Connecticut, a Black history researcher helps her understand the paranormal experiences drawing her into the life of a mulatto girl who was once a slave in her house.
521 8 _a730
_bLexile
521 8 _aR
_bRaz-Plus
650 _aghosts
_vfiction
700 _aHegamin, Tonya
_eillustrator
942 _2ddc
_cBK
_n0
999 _c3759
_d3759